000
00191 a2200097 4500
020
_a
9781591290018
041
_a
eng
100
_a
Davenport, chari
245
_a
The christmas party
942
_c
BK
999
_c
8199
_d
8199